Low-volume roads : (Record no. 547264)
[ view plain ]
| 000 -LEADER | |
|---|---|
| fixed length control field | 00856pam a2200181 a 4500 |
| 020 ## - INTERNATIONAL STANDARD BOOK NUMBER | |
| International Standard Book Number | 0309035112 |
| 082 00 - DEWEY DECIMAL CLASSIFICATION NUMBER | |
| Classification number | 625.7 |
| Author Mark | NAT |
| 245 00 - TITLE STATEMENT | |
| Title | Low-volume roads : |
| Remainder of title | third international conference, |
| Statement of responsibility, etc. | 1983. |
| 260 ## - PUBLICATION, DISTRIBUTION, ETC. | |
| Place of publication, distribution, etc. | Washington, D.C. : |
| Name of publisher, distributor, etc. | Transportation Research Board, National Research Council, National Academy of Sciences, |
| Date of publication, distribution, etc. | 1983. |
| 300 ## - PHYSICAL DESCRIPTION | |
| Extent | ix, 378 p. : |
| Other physical details | ill. ; |
| Dimensions | 28 cm. |
| 500 ## - GENERAL NOTE | |
| General note | Papers presented at the Third International Conference on Low-volume Roads held at Arizona State University, Tempe, Ariz., July 24-28, 1983, sponsored by the Transportation Research Board's Committee on Low-volume Roads. |
| 526 ## - STUDY PROGRAM INFORMATION NOTE | |
| Program name | 0 |
| Interest level | 0 |
| Reading level | 0 |
| Title point value | 625_700000000000000_NAT |
| 526 ## - STUDY PROGRAM INFORMATION NOTE | |
| Program name | 0 |
| Interest level | 0 |
| Reading level | 0 |
| Title point value | 625_700000000000000_NAT |
| 650 #0 - SUBJECT ADDED ENTRY--TOPICAL TERM | |
| Topical term or geographic name entry element | Low-volume roads |
| General subdivision | Congresses. |
| 9 (RLIN) | 43461 |
| 650 #0 - SUBJECT ADDED ENTRY--TOPICAL TERM | |
| Topical term or geographic name entry element | MCE |
| 9 (RLIN) | 379 |
| 710 2# - ADDED ENTRY--CORPORATE NAME | |
| Corporate name or jurisdiction name as entry element | National Research Council (U.S.). |
| 9 (RLIN) | 20017 |
| 942 ## - ADDED ENTRY ELEMENTS (KOHA) | |
| Source of classification or shelving scheme | |
| Koha item type | Book |
| Withdrawn status | Lost status | Source of classification or shelving scheme | Damaged status | Not for loan | Permanent Location | Current Location | Date acquired | Total Checkouts | Full call number | Barcode | Date last seen | Price effective from | Koha item type |
|---|---|---|---|---|---|---|---|---|---|---|---|---|---|
| Military College of Engineering (MCE) | Military College of Engineering (MCE) | 07/07/2014 | 625.7 NAT | MCE-41837 | 07/07/2014 | 03/14/2021 | Book | ||||||
| Military College of Engineering (MCE) | Military College of Engineering (MCE) | 07/07/2014 | 625.7 NAT | MCE-42284 | 07/07/2014 | 03/14/2021 | Book |
